000 00452nam a22001817a 4500
003 MPLRDC
005 20220104123505.0
008 210129b ||||| |||| 00| 0 eng d
020 _a7-5323-1545-2
082 _a411.3 ZFJ
100 _a赵法及、郭俊生编著
245 _a吃的选择
_c
250 _a一版一刷
260 _a
_b上海科学技术出版社
_c1989
300 _b
650 _a营养与食品
942 _cBK
_o411.3 ZFJ
999 _c11843
_d11833